000 00815cam a2200229 i 4500
999 _c58807
_d58807
001 19618697
005 20221105213613.0
006 m |o d |
008 170502s2018 nju ob 001 0 eng
020 _a9781119147046
041 _aeng
080 _a616.314.6 C-61
245 0 0 _aClinical cases in endodontics /
_cedited by Takashi Komabayashi.
264 1 _aHoboken :
_bWiley,
_c2018.
300 _a221 p.:
_bill.;
_c28 cm.
653 _aენდოდონტია
653 _aფესვის არხის თერაპია
653 _aმედიცინა
700 _aKomabayashi, Takashi
_eრედაქტორი
_914603
856 _uhttps://books.google.ge/books?id=H41FDwAAQBAJ&hl=ru&source=gbs_ViewAPI&redir_esc=y
_yელ.ვერსია
942 _2udc
_cBK